Переписка А. Д. Тойнби и Н. И. Конрада: штрихи к характеристике эпохи; Исторические, философские, политические и юридические науки, культурология и искусствоведение. Вопросы теории и практики; № 2, ч. 2
| Parent link: | Исторические, философские, политические и юридические науки, культурология и искусствоведение. Вопросы теории и практики: научный журнал.— , 2008- № 2, ч. 2.— 2015.— [С. 86-91] |
|---|---|
| Κύριος συγγραφέας: | |
| Συγγραφή απο Οργανισμό/Αρχή: | |
| Άλλοι συγγραφείς: | |
| Περίληψη: | Заглавие с экрана В статье анализируются мировоззренческие, концептуальные и коммуникативно-биографические аспекты переписки Н. И. Конрада и А. Д. Тойнби в контексте интеллектуально-общественной ситуации в СССР в конце 1960-х гг. Рассматриваются обстоятельства появления писем в публичном пространстве. Подход авторов, исследующих факт коммуникации двух известных историков и вызванный этим событием резонанс, позволяет глубже раскрыть как познавательный потенциал изучаемого источника, так и специфику общественной атмосферы эпохи. |
| Γλώσσα: | Ρωσικά |
| Έκδοση: |
2015
|
| Σειρά: | Исторические науки и археология |
| Θέματα: | |
| Διαθέσιμο Online: | http://www.gramota.net/materials/3/2015/2-2/21.html |
| Μορφή: | MixedMaterials Ηλεκτρονική πηγή Κεφάλαιο βιβλίου |
| KOHA link: | https://koha.lib.tpu.ru/cgi-bin/koha/opac-detail.pl?biblionumber=641067 |
MARC
| LEADER | 00000naa0a2200000 4500 | ||
|---|---|---|---|
| 001 | 641067 | ||
| 005 | 20250314093631.0 | ||
| 035 | |a (RuTPU)RU\TPU\network\5945 | ||
| 090 | |a 641067 | ||
| 100 | |a 20150507d2015 k||y0rusy50 ca | ||
| 101 | 0 | |a rus | |
| 102 | |a RU | ||
| 135 | |a drcn ---uucaa | ||
| 181 | 0 | |a i | |
| 182 | 0 | |a b | |
| 200 | 1 | |a Переписка А. Д. Тойнби и Н. И. Конрада: штрихи к характеристике эпохи |f М. В. Иванова, И. Ю. Гурьева | |
| 203 | |a Текст |c электронный | ||
| 225 | 1 | |a Исторические науки и археология | |
| 300 | |a Заглавие с экрана | ||
| 320 | |a [Библиогр.: с. 91 (13 назв.)] | ||
| 330 | |a В статье анализируются мировоззренческие, концептуальные и коммуникативно-биографические аспекты переписки Н. И. Конрада и А. Д. Тойнби в контексте интеллектуально-общественной ситуации в СССР в конце 1960-х гг. Рассматриваются обстоятельства появления писем в публичном пространстве. Подход авторов, исследующих факт коммуникации двух известных историков и вызванный этим событием резонанс, позволяет глубже раскрыть как познавательный потенциал изучаемого источника, так и специфику общественной атмосферы эпохи. | ||
| 461 | |t Исторические, философские, политические и юридические науки, культурология и искусствоведение. Вопросы теории и практики |o научный журнал |d 2008- | ||
| 463 | |t № 2, ч. 2 |v [С. 86-91] |d 2015 | ||
| 600 | 1 | |a Тойнби |g Арнолд Джозеф |b А. Дж. |c английский историк и социолог |f 1889-1975 |2 stltpush |3 (RuTPU)RU\TPU\pers\1597 | |
| 600 | 1 | |a Конрад |b Н. И. |c Н. И. |c русский историк |f 1891-1970 |g Николай Иосифович |2 stltpush |3 (RuTPU)RU\TPU\pers\11553 |9 2743 | |
| 610 | 1 | |a электронный ресурс | |
| 610 | 1 | |a труды учёных ТПУ | |
| 610 | 1 | |a переписка | |
| 610 | 1 | |a исторические источники | |
| 610 | 1 | |a диалог культур | |
| 610 | 1 | |a социокультурный контекст | |
| 700 | 1 | |a Иванова |b М. В. |c историк |c доцент Томского политехнического университета, кандидат исторических наук |f 1942- |g Маргарита Викторовна |3 (RuTPU)RU\TPU\pers\26637 |9 12295 | |
| 701 | 1 | |a Гурьева |b И. Ю. |c историк |c старший преподаватель Томского политехнического университета |f 1959- |g Ирина Юрьевна |3 (RuTPU)RU\TPU\pers\26844 |9 12463 | |
| 712 | 0 | 2 | |a Национальный исследовательский Томский политехнический университет (ТПУ) |b Институт социально-гуманитарных технологий (ИСГТ) |b Кафедра истории и регионоведения (ИСТ) |3 (RuTPU)RU\TPU\col\18372 |
| 801 | 2 | |a RU |b 63413507 |c 20150507 |g RCR | |
| 856 | 4 | |u http://www.gramota.net/materials/3/2015/2-2/21.html | |
| 942 | |c CF | ||